| 000 | 01903nas a2200277 i 4500 | ||
|---|---|---|---|
| 001 | 173055 | ||
| 003 | ES-MaACL | ||
| 005 | 20230906215122.0 | ||
| 008 | 091021c19091909sp a| | 1 ||pa d | ||
| 080 | _a3 : 061.12(460) | ||
| 110 | 2 |
_aReal Academia de Ciencias Morales y Políticas (España) _96299 |
|
| 245 | 1 | 0 |
_aDiscursos de recepción leídos en la Real Academia de Ciencias Morales y Políticas _g1909-1914. |
| 260 |
_aMadrid : _b[s. n.], _c1909 (Imp. del Asilo de Huérfanos) |
||
| 300 |
_a1 v. ; _c26 cm. |
||
| 505 | 8 | _aContiene: X. La transformación del Japón / Manuel Sales y Ferré (153 p.). Función del rey en el régimen constitucional y parlamentario / Antonio García Alíx (102 p.). Substantividad y fundamento del derecho militar / Ángel Salcedo y Ruiz (65 p.). Contestación / Javier Ugarte y Pagés (p. 67-102). La ciencia de la educación tiene su ligar propio entre las ciencias morales / José María Salvador y Barrera (52 p.). Contestación / Javier Ugarte y Pagés (p. 53-78). La ficción en el derecho: estudio de filosofía jurídica / Adolfo Bonilla y San Martín (54 p.). Contestación / Faustino Álvarez del Manzano y Álvarez-Rivera (p. 55-76). El anarquismo contemporáneo: sindicalismo revolucionario: deberes del Estado y sociales frente a su propaganda / Ramón Fernández Hontoria y García (73 p.). Contestación / Javier Ugarte y Pagés (p. 74-94). | |
| 700 | 1 |
_aUgarte y Pagés, Javier. _9111900 |
|
| 700 | 1 |
_aAlvarez del Manzano y Alvarez Rivera, Faustino. _920790 |
|
| 700 | 1 |
_aSales Ferré, Manuel. _9101880 |
|
| 700 | 1 |
_aGarcía Alix, Antonio. _954133 |
|
| 700 | 1 |
_aSalcedo Ruiz, Ángel. _9101855 |
|
| 700 | 1 |
_aSalvador y Barrera, José María. _9141475 |
|
| 700 | 1 |
_aBonilla y San Martín, Adolfo, _d1875-1926 _930193 |
|
| 700 | 1 |
_aFernández Hontoria y García, Ramón. _9141476 |
|
| 852 |
_aES-MaACL _jK-192 |
||
| 999 |
_c173055 _d173055 |
||